Statistiques concernant Dans quel pays se déroulent ces films ? Carte Quiz

Cliquez ici pour prendre le quiz!

Statistiques générales

  • Ce quiz a été pris 276 fois
  • Le résultat moyen est 9 sur 15

Réponses sur la Carte

Les réponses sont colorées sur une échelle allant du rouge au vert en fonction du pourcentage des utilisateurs qui les ont devinées à leur premier essai. Vous pouvez retrouver ces pourcentages ci-dessous.
 

Statistiques - réponses

Réponse% Correct
Astérix et Obélix : Mission Cléopâtre
87%
Le Dernier Samouraï
82%
Le Fabuleux Destin d'Amélie Poulain
82%
Casablanca
79%
Anastasia
72%
Pirates des Caraïbes : La Malédiction du Black Pearl
72%
Slumdog Millionaire
67%
Dradula
64%
Indianna Jones : Les Aventuriers de l'arche perdue
59%
Vacances romaines
59%
Invictus
56%
Volver
47%
La Cité de Dieu
43%
Doctor Strange
34%
V pour Vendetta
33%

Distribution des résultats

Percentile par nombre de réponses

% des personnes avec chaque résultat

Votre développement - résultats

Vous n’avez pas pris ce quiz